| 000 | 00754nam a2200229 i 4500 | ||
|---|---|---|---|
| 001 | 110886 | ||
| 003 | ES-MaACL | ||
| 005 | 20230906185209.0 | ||
| 007 | t| | ||
| 008 | 040429s1917 sp ||||1| spa d | ||
| 080 | _a821.134.2-23"18" | ||
| 100 | 1 |
_aPaso, Antonio. _989421 |
|
| 245 | 1 | 3 |
_aEl río de oro _b: viaje en cinco actos y un prólogo divididos en nueve cuadros / _cpor Paso y Abati. |
| 260 |
_a[Madrid : _bLa Novela Teatral, _c1917] |
||
| 300 |
_a66 p. ; _c20 cm. |
||
| 490 | 1 |
_aLa novela teatral ; _v13 |
|
| 500 | _aEn la cub.: caricatura de los autores por Tovar. | ||
| 700 | 1 |
_aAbati, Joaquín, _d1865-1936 _917986 |
|
| 830 | 0 |
_aLa novela teatral ; _v13 _9122427 |
|
| 852 |
_aES-MaACL _j2214-F-11 _bR.138680 |
||
| 999 |
_c110886 _d110886 |
||